| 000 | 00953nmm a2200265 a 4500 | ||
|---|---|---|---|
| 001 | ocm000884563 | ||
| 003 | TR-IsHL | ||
| 005 | 20201028144206.0 | ||
| 008 | 141121s2010 tu tur | ||
| 007 | cr cn | ||
| 020 | _a9786054049387 | ||
| 035 |
_a884563 _b(N$T) |
||
| 050 | 0 | 4 |
_aHX376.7.A8 _bİ23 2010 |
| 090 | 0 | 4 |
_aHX376.7.A8 _bİ23 2010 |
| 100 | 1 | _aİba, Şaban | |
| 245 | 1 | 0 |
_aTKKKÖ savunması ve poliste, mahkemede, cezaevinde tavır _h[electronic resource] / _cŞaban İba |
| 260 |
_aİstanbul : _bPencere Yayınları, _c2010 |
||
| 300 | _a193 p. | ||
| 650 | 4 | _aPolitika ve Uluslararası İlişkiler | |
| 650 | 4 | _aPolitics and International Relations | |
| 650 | 0 |
_aSosyalizm _x Türkiye |
|
| 650 | 0 |
_aSocialism _x Turkey |
|
| 650 | 7 |
_aPOLITICAL SCIENCE / Political Ideologies / Communism, Post-Communism & Socialism _2bisacsh |
|
| 856 | 4 | 0 | _uhttp://search.ebscohost.com/login.aspx?direct=true&scope=site&db=e011xww&AN=884563 |
| 999 |
_c9295 _d9295 |
||